[Event "European Team-ch 2007 Femenino"]
[Site "Creta GRE"]
[Date "2007.10.29"]
[Round "2.7"]
[White "Cmilyte, Viktorija"]
[Black "Muzychuk, Anna"]
[Result "1-0"]
[WhiteElo "2464"]
[BlackElo "2469"]
[PlyCount "91"]
[EventDate "2007.10.28"]
[EventType "team"]
[EventRounds "9"]
[EventCountry "GRE"]
[Source "lmi"]
[SourceDate "2007.10.28"]
[WhiteTeam "Lithuania"]
[BlackTeam "Slovenija"]
[WhiteTeamCountry "LTU"]
[BlackTeamCountry "SLO"]

1. d4 f5 2. g3 Nf6 3. Nf3 g6 4. c4 d6 5. b4 Bg7 6. Bb2 O-O 7. Bg2 e6 8. Nbd2
Qe7 9. O-O Nbd7 10. Qb3 Kh8 11. c5 a5 12. cxd6 cxd6 13. b5 Nb6 14. a4 Bd7 15.
Ba3 Be8 16. Ne5 Bf7 17. Rac1 Rfd8 18. e3 Nfd5 19. Ndc4 Nxc4 20. Nxc4 g5 21.
Rfe1 Kg8 22. e4 fxe4 23. Bxe4 Qf8 24. Ne5 Nb4 25. Bxb4 axb4 26. Nxf7 Qxf7 27.
Qxb4 d5 28. Bg2 Rf8 29. Re2 Qf6 30. Bh3 Kh8 31. Rc7 h5 32. Bxe6 Rae8 33. Qe1
Qxd4 34. Rxb7 Qxa4 35. Bxd5 Rxe2 36. Qxe2 g4 37. Rf7 Rxf7 38. Bxf7 Qa1+ 39. Kg2
Qa8+ 40. Kg1 Qa1+ 41. Qf1 Qe5 42. Qc4 Qf5 43. Qd5 Be5 44. Be6 Qg5 45. b6 h4 46.
Bxg4 1-0

[Event "European Team-ch 2007 Femenino"]
[Site "Creta GRE"]
[Date "2007.10.29"]
[Round "2.7"]
[White "Krivec, Jana"]
[Black "Daulyte, Deimante"]
[Result "1-0"]
[WhiteElo "2315"]
[BlackElo "2222"]
[PlyCount "95"]
[EventDate "2007.10.28"]
[EventType "team"]
[EventRounds "9"]
[EventCountry "GRE"]
[Source "lmi"]
[SourceDate "2007.10.28"]
[WhiteTeam "Slovenija"]
[BlackTeam "Lithuania"]
[WhiteTeamCountry "SLO"]
[BlackTeamCountry "LTU"]

1. e4 c5 2. Nc3 d6 3. Nf3 Nf6 4. d4 cxd4 5. Nxd4 g6 6. Be2 Bg7 7. O-O O-O 8.
Re1 Nc6 9. Nb3 a6 10. Bf1 b5 11. Bg5 Be6 12. Nd5 Nd7 13. c3 Re8 14. Be3 Rb8 15.
Nd4 Nxd4 16. Bxd4 Ne5 17. f4 Bg4 18. Qc2 Nc6 19. Bxg7 Kxg7 20. f5 e6 21. f6+
Kh8 22. Ne3 Ne5 23. h3 Bxh3 24. gxh3 Nf3+ 25. Kh1 Nxe1 26. Qf2 d5 27. Rxe1 dxe4
28. Bg2 Rb6 29. Ng4 Rd6 30. Ne5 Kg8 31. Rxe4 Rd2 32. Qf4 Qd6 33. Rd4 Rxd4 34.
cxd4 Rd8 35. Qh6 Qf8 36. Qe3 Rd6 37. Nc6 h5 38. Ne7+ Kh7 39. Qe5 Rd8 40. Be4
Qh6 41. Bxg6+ fxg6 42. Qc7 Rd7 43. Qxd7 Qc1+ 44. Kg2 Qg5+ 45. Kf3 Qxf6+ 46.
Nf5+ Kg8 47. Qe8+ Kh7 48. Qe7+ 1-0

[Event "European Team-ch 2007 Femenino"]
[Site "Creta GRE"]
[Date "2007.10.29"]
[Round "2.7"]
[White "Zaksaite, Salomeja"]
[Black "Srebrnic, Ana"]
[Result "0-1"]
[WhiteElo "2228"]
[BlackElo "2278"]
[PlyCount "126"]
[EventDate "2007.10.28"]
[EventType "team"]
[EventRounds "9"]
[EventCountry "GRE"]
[Source "lmi"]
[SourceDate "2007.10.28"]
[WhiteTeam "Lithuania"]
[BlackTeam "Slovenija"]
[WhiteTeamCountry "LTU"]
[BlackTeamCountry "SLO"]

1. e4 d6 2. d4 Nf6 3. Nc3 e5 4. dxe5 dxe5 5. Qxd8+ Kxd8 6. Bg5 Be6 7. O-O-O+
Nbd7 8. f4 exf4 9. Nf3 Kc8 10. Bxf4 c6 11. Ng5 Bb4 12. Nxe6 fxe6 13. Bc4 e5 14.
Bg3 Kc7 15. Be6 Rhf8 16. Ne2 Bd6 17. Bxd7 Nxd7 18. Rhe1 Be7 19. Nd4 Bg5+ 20.
Kb1 Rae8 21. Nf3 Bf4 22. Bxf4 Rxf4 23. Rd2 Nc5 24. Rde2 h6 25. Re3 g5 26. b4
Nd7 27. Kb2 b5 28. c4 Nb6 29. Nd2 Rd8 30. Kc3 Rxd2 31. Kxd2 Nxc4+ 32. Kd3 Nxe3
33. Kxe3 Rf6 34. Rc1 Rd6 35. Rc5 Re6 36. h3 Kb6 37. Kd3 a5 38. a3 axb4 39. axb4
Re8 40. Kc3 Kc7 41. Kb3 Kd6 42. Rc2 Rf8 43. Rd2+ Kc7 44. Kc3 Rd8 45. Rf2 Rd4
46. Rf6 Rxe4 47. Rxh6 Re3+ 48. Kd2 Rg3 49. Re6 Rxg2+ 50. Kc3 Rg3+ 51. Kc2 Re3
52. Re8 Kd7 53. Rh8 Kd6 54. Rd8+ Ke6 55. Rg8 Rxh3 56. Rxg5 Kd5 57. Rg4 Re3 58.
Rg6 Re4 59. Kc3 Rc4+ 60. Kb3 e4 61. Rg8 e3 62. Rd8+ Ke4 63. Re8+ Kd3 0-1

[Event "European Team-ch 2007 Femenino"]
[Site "Creta GRE"]
[Date "2007.10.29"]
[Round "2.7"]
[White "Rozic, Vesna"]
[Black "Batyte, Daiva"]
[Result "0-1"]
[WhiteElo "2277"]
[BlackElo "2198"]
[PlyCount "126"]
[EventDate "2007.10.28"]
[EventType "team"]
[EventRounds "9"]
[EventCountry "GRE"]
[Source "lmi"]
[SourceDate "2007.10.28"]
[WhiteTeam "Slovenija"]
[BlackTeam "Lithuania"]
[WhiteTeamCountry "SLO"]
[BlackTeamCountry "LTU"]

1. d4 Nf6 2. Nf3 e6 3. Bf4 c5 4. c3 Nc6 5. e3 d5 6. Nbd2 Bd6 7. Bg3 a6 8. Ne5
Qc7 9. f4 c4 10. Be2 b5 11. Bf3 Bb7 12. O-O O-O 13. Bh4 Nd7 14. e4 Nb6 15. Nxc6
Bxc6 16. e5 Be7 17. Qe1 Na4 18. Bxe7 Qxe7 19. Qc1 Rac8 20. Bd1 b4 21. Bxa4 Bxa4
22. Nf3 Rb8 23. Rf2 Rb6 24. Qd2 Rfb8 25. Re1 h6 26. Ree2 a5 27. Qc1 bxc3 28.
Qxc3 Qb4 29. Qe3 Bd7 30. Qc1 Qa4 31. a3 Rb3 32. Rc2 Qc6 33. Rc3 Rc8 34. Rfc2
Rbb8 35. b3 Qa6 36. bxc4 Ba4 37. Rb2 Rxb2 38. Qxb2 Rxc4 39. Rxc4 dxc4 40. Nd2
Bc6 41. Nb1 Qa7 42. Nd2 Bd5 43. Nf1 Qc7 44. Ne3 Qc6 45. Nxd5 Qxd5 46. Kf2 Qe4
47. Qc3 Qxf4+ 48. Kg1 a4 49. Qxc4 Qe3+ 50. Kf1 Qxa3 51. Qc8+ Kh7 52. Qc2+ g6
53. Qc7 Kg7 54. Qd8 Qc1+ 55. Ke2 Qg5 56. Qa8 a3 57. g3 Qh5+ 58. Ke1 Qxh2 59.
Qxa3 Qg1+ 60. Ke2 Qxd4 61. Qa5 g5 62. Kf1 Qc4+ 63. Kg2 Qd5+ 0-1

[Event "European Team-ch 2007 Femenino"]
[Site "Creta GRE"]
[Date "2007.10.29"]
[Round "2.8"]
[White "Rantanen, Tanja"]
[Black "Hoang, Thanh Trang"]
[Result "0-1"]
[WhiteElo "2089"]
[BlackElo "2466"]
[PlyCount "60"]
[EventDate "2007.10.28"]
[EventType "team"]
[EventRounds "9"]
[EventCountry "GRE"]
[Source "lmi"]
[SourceDate "2007.10.28"]
[WhiteTeam "Finland"]
[BlackTeam "Hungary"]
[WhiteTeamCountry "FIN"]
[BlackTeamCountry "HUN"]

1. e4 b6 2. d4 Bb7 3. Bd3 e6 4. Nf3 c5 5. O-O Nf6 6. Nc3 cxd4 7. Nxd4 d6 8. f4
Nbd7 9. Kh1 Be7 10. Qe1 O-O 11. e5 dxe5 12. fxe5 Ng4 13. Bf4 Bg5 14. Qg3 Bxf4
15. Qxg4 Bh6 16. Rae1 Nc5 17. Ne4 f5 18. Nxf5 exf5 19. Rxf5 Nxd3 20. Rxf8+ Qxf8
21. cxd3 Kh8 22. h4 Qb4 23. Re2 Rf8 24. e6 Qe7 25. Ng5 Bxg5 26. hxg5 Rf1+ 27.
Kh2 Qd6+ 28. Qg3 Rh1+ 29. Kxh1 Qxg3 30. e7 Bxg2+ 0-1

[Event "European Team-ch 2007 Femenino"]
[Site "Creta GRE"]
[Date "2007.10.29"]
[Round "2.8"]
[White "Savola, Laura"]
[Black "Madl, Ildiko"]
[Result "0-1"]
[WhiteElo "2040"]
[BlackElo "2381"]
[PlyCount "68"]
[EventDate "2007.10.28"]
[EventType "team"]
[EventRounds "9"]
[EventCountry "GRE"]
[Source "lmi"]
[SourceDate "2007.10.28"]
[WhiteTeam "Finland"]
[BlackTeam "Hungary"]
[WhiteTeamCountry "FIN"]
[BlackTeamCountry "HUN"]

1. d4 d5 2. c4 dxc4 3. e3 e5 4. Bxc4 exd4 5. exd4 Bd6 6. Nf3 Nf6 7. O-O O-O 8.
Nc3 Nc6 9. Bg5 h6 10. Bh4 Bg4 11. Bd5 Be7 12. Bxc6 bxc6 13. h3 Bxf3 14. Qxf3
Qxd4 15. Bg3 Qb6 16. Rac1 Qxb2 17. Bxc7 Rac8 18. Bf4 Qa3 19. Rb1 Rfe8 20. Rb3
Qa5 21. Rd1 Qf5 22. g4 Qe6 23. Be3 a5 24. Rb7 Bd6 25. Ne2 Be5 26. Rd2 Re7 27.
Rxe7 Qxe7 28. Rc2 Nd5 29. Bc5 Qe6 30. Bd4 Nb4 31. Rc5 Bxd4 32. Nxd4 Qd6 33. Qf5
Re8 34. Nf3 g6 0-1

[Event "European Team-ch 2007 Femenino"]
[Site "Creta GRE"]
[Date "2007.10.29"]
[Round "2.8"]
[White "Gara, Anita"]
[Black "Rautanen, Sari"]
[Result "1-0"]
[WhiteElo "2315"]
[BlackElo "1961"]
[PlyCount "58"]
[EventDate "2007.10.28"]
[EventType "team"]
[EventRounds "9"]
[EventCountry "GRE"]
[Source "lmi"]
[SourceDate "2007.10.28"]
[WhiteTeam "Hungary"]
[BlackTeam "Finland"]
[WhiteTeamCountry "HUN"]
[BlackTeamCountry "FIN"]

1. e4 d6 2. d4 Nf6 3. Nc3 g6 4. f4 Bg7 5. Nf3 c5 6. Bb5+ Bd7 7. e5 Ng4 8. Bxd7+
Qxd7 9. d5 dxe5 10. h3 e4 11. hxg4 exf3 12. Qxf3 Na6 13. Bd2 O-O-O 14. O-O-O
Kb8 15. a3 Ka8 16. f5 Be5 17. Be1 Nc7 18. Ne4 Qb5 19. Bc3 Bxc3 20. Qxc3 gxf5
21. gxf5 Qd7 22. Qf3 f6 23. Rhe1 Qb5 24. Nc3 Qd7 25. Re3 h5 26. Ne4 Na6 27. d6
exd6 28. Nxd6 Qg7 29. Qe2 Rh7 1-0

[Event "European Team-ch 2007 Femenino"]
[Site "Creta GRE"]
[Date "2007.10.29"]
[Round "2.9"]
[White "Fomina, Tatyana"]
[Black "Khurtsidze, Nino"]
[Result "1/2-1/2"]
[WhiteElo "2248"]
[BlackElo "2450"]
[PlyCount "48"]
[EventDate "2007.10.28"]
[EventType "team"]
[EventRounds "9"]
[EventCountry "GRE"]
[Source "lmi"]
[SourceDate "2007.10.28"]
[WhiteTeam "Estonia"]
[BlackTeam "Georgia"]
[WhiteTeamCountry "EST"]
[BlackTeamCountry "GEO"]

1. d4 Nf6 2. Nc3 d5 3. Bg5 Nbd7 4. Nf3 c6 5. e3 Qb6 6. Rb1 g6 7. Bd3 Bg7 8. O-O
O-O 9. e4 dxe4 10. Bxe4 h6 11. Bxf6 Nxf6 12. Re1 Nxe4 13. Rxe4 Re8 14. Qe2 Bf5
15. Re3 Rad8 16. h3 Bxd4 17. Nxd4 Qxd4 18. Rxe7 Rxe7 19. Qxe7 Bxc2 20. Rc1 Bd3
21. Qxb7 Qb6 22. Qe7 Rf8 23. b3 Qd4 24. Qe3 Qxe3 1/2-1/2

[Event "European Team-ch 2007 Femenino"]
[Site "Creta GRE"]
[Date "2007.10.29"]
[Round "2.9"]
[White "Dzagnidze, Nana"]
[Black "Narva, Regina"]
[Result "1-0"]
[WhiteElo "2416"]
[BlackElo "2067"]
[PlyCount "89"]
[EventDate "2007.10.28"]
[EventType "team"]
[EventRounds "9"]
[EventCountry "GRE"]
[Source "lmi"]
[SourceDate "2007.10.28"]
[WhiteTeam "Georgia"]
[BlackTeam "Estonia"]
[WhiteTeamCountry "GEO"]
[BlackTeamCountry "EST"]

1. d4 Nf6 2. c4 c5 3. d5 e5 4. Nc3 d6 5. e4 a6 6. h3 Be7 7. Be3 h5 8. Nf3 g6 9.
Be2 Nbd7 10. Qd2 Rb8 11. Ng5 Nf8 12. f4 exf4 13. Bxf4 N6h7 14. Nxh7 Nxh7 15. e5
O-O 16. O-O dxe5 17. Bxe5 Bd6 18. Bxd6 Qxd6 19. Rae1 f5 20. Qh6 Qf6 21. Bf3 Bd7
22. d6 Qg5 23. Bd5+ Kh8 24. Qxg5 Nxg5 25. Re7 Rfd8 26. Rfe1 b5 27. Ne2 Rb6 28.
Nf4 Rxd6 29. h4 Nh7 30. b3 Nf8 31. Rf7 Bc6 32. Ree7 Bxd5 33. Nxd5 bxc4 34. bxc4
Rxd5 35. cxd5 Kg8 36. Ra7 Rxd5 37. Rg7+ Kh8 38. Rgc7 Rd8 39. Rxa6 Kg8 40. Rxc5
Rd7 41. a4 Kf7 42. Rcc6 Ke7 43. a5 Rd1+ 44. Kf2 Rd4 45. Rc7+ 1-0

[Event "European Team-ch 2007 Femenino"]
[Site "Creta GRE"]
[Date "2007.10.29"]
[Round "2.9"]
[White "Bashkite, Viktoria"]
[Black "Lomineishvili, Maia"]
[Result "1/2-1/2"]
[WhiteElo "2188"]
[BlackElo "2409"]
[PlyCount "79"]
[EventDate "2007.10.28"]
[EventType "team"]
[EventRounds "9"]
[EventCountry "GRE"]
[Source "lmi"]
[SourceDate "2007.10.28"]
[WhiteTeam "Estonia"]
[BlackTeam "Georgia"]
[WhiteTeamCountry "EST"]
[BlackTeamCountry "GEO"]

1. d4 Nf6 2. Nf3 e6 3. g3 b5 4. Bg2 Bb7 5. O-O c5 6. c3 d5 7. a4 b4 8. a5 Na6
9. Bg5 Be7 10. Bxf6 Bxf6 11. e3 O-O 12. Nbd2 Rc8 13. Nb3 c4 14. Nc1 Bc6 15. Ne2
Rb8 16. e4 Rb5 17. Ne5 Bxe5 18. dxe5 Rxa5 19. Nd4 Ba8 20. exd5 exd5 21. Rxa5
Qxa5 22. Qa1 Qb6 23. Qa4 Nc5 24. Qc2 Nd3 25. Qe2 Re8 26. f4 a5 27. Kh1 a4 28.
e6 fxe6 29. f5 e5 30. f6 gxf6 31. Qh5 Rf8 32. Qg4+ Kh8 33. Ne6 Rf7 34. Qf5 a3
35. Ng5 Re7 36. Qc8+ Kg7 37. Qf5 Kf8 38. Qc8+ Kg7 39. Qf5 Kf8 40. Qc8+ 1/2-1/2

[Event "European Team-ch 2007 Femenino"]
[Site "Creta GRE"]
[Date "2007.10.29"]
[Round "2.10"]
[White "Zhukova, Natalia"]
[Black "Ciuksyte, Dagne"]
[Result "1-0"]
[WhiteElo "2452"]
[BlackElo "2411"]
[PlyCount "47"]
[EventDate "2007.10.28"]
[EventType "team"]
[EventRounds "9"]
[EventCountry "GRE"]
[Source "lmi"]
[SourceDate "2007.10.28"]
[WhiteTeam "Ukraine"]
[BlackTeam "England"]
[WhiteTeamCountry "UKR"]
[BlackTeamCountry "ENG"]

1. d4 Nf6 2. Nf3 e6 3. e3 c5 4. c4 cxd4 5. exd4 d5 6. Nc3 Nc6 7. cxd5 Nxd5 8.
Bd3 Be7 9. O-O O-O 10. Re1 Nf6 11. a3 b6 12. Bg5 Bb7 13. Bc2 Rc8 14. Qd3 g6 15.
Rad1 Nd5 16. Bh6 Re8 17. Ba4 Nxc3 18. bxc3 Bf6 19. c4 Re7 20. d5 exd5 21. cxd5
Rxe1+ 22. Rxe1 Qd6 23. Bxc6 Bxc6 24. Qa6 1-0

[Event "European Team-ch 2007 Femenino"]
[Site "Creta GRE"]
[Date "2007.10.29"]
[Round "2.10"]
[White "Lauterbach, Ingrid"]
[Black "Ushenina, Anna"]
[Result "0-1"]
[WhiteElo "2124"]
[BlackElo "2486"]
[PlyCount "64"]
[EventDate "2007.10.28"]
[EventType "team"]
[EventRounds "9"]
[EventCountry "GRE"]
[Source "lmi"]
[SourceDate "2007.10.28"]
[WhiteTeam "England"]
[BlackTeam "Ukraine"]
[WhiteTeamCountry "ENG"]
[BlackTeamCountry "UKR"]

1. e4 c5 2. Nf3 g6 3. d3 Bg7 4. g3 Nc6 5. Bg2 d6 6. O-O Nf6 7. c3 O-O 8. Nbd2
e5 9. Nc4 h6 10. Ne3 Ne8 11. Ne1 Be6 12. f4 exf4 13. Rxf4 Nc7 14. Rf1 d5 15.
exd5 Nxd5 16. Nxd5 Bxd5 17. Nf3 Qb6 18. Qc2 c4+ 19. d4 Rfe8 20. Bf4 Bxf3 21.
Bxf3 g5 22. Bxc6 Qxc6 23. Bd2 Re2 24. Rf2 Rxf2 25. Kxf2 Re8 26. Rf1 Re4 27. Qd1
Qb6 28. Bc1 Bxd4+ 29. cxd4 Rxd4 30. Qa4 Rd2+ 31. Kf3 Qf6+ 32. Ke3 Qd4+ 0-1

[Event "European Team-ch 2007 Femenino"]
[Site "Creta GRE"]
[Date "2007.10.29"]
[Round "2.10"]
[White "Gaponenko, Inna"]
[Black "Chevannes, Sabrina L"]
[Result "1-0"]
[WhiteElo "2440"]
[BlackElo "2073"]
[PlyCount "97"]
[EventDate "2007.10.28"]
[EventType "team"]
[EventRounds "9"]
[EventCountry "GRE"]
[Source "lmi"]
[SourceDate "2007.10.28"]
[WhiteTeam "Ukraine"]
[BlackTeam "England"]
[WhiteTeamCountry "UKR"]
[BlackTeamCountry "ENG"]

1. e4 c6 2. d4 d5 3. exd5 cxd5 4. c4 Nf6 5. Nc3 Nc6 6. Nf3 Bg4 7. cxd5 Nxd5 8.
Qb3 Bxf3 9. gxf3 Nb6 10. d5 Nd4 11. Bb5+ Nd7 12. Qa4 Nxb5 13. Qxb5 g6 14. O-O
Bg7 15. Re1 O-O 16. Bg5 Ne5 17. Re3 f6 18. Bf4 Qc8 19. Bg3 Re8 20. Rae1 Kf8 21.
Bxe5 fxe5 22. Ne4 Qf5 23. Nc5 Kg8 24. Qb3 Kh8 25. Ne6 Bf6 26. Nc7 Qg5+ 27. Kf1
Qh4 28. Nxa8 Rxa8 29. Qxb7 Rf8 30. Qd7 Qc4+ 31. Kg2 Qxa2 32. Qb5 a6 33. Qb3 Qa5
34. Rd1 Qc7 35. Re4 Qd7 36. Qb6 Qf5 37. Qe6 Qh5 38. Qg4 Qh6 39. d6 exd6 40.
Rxd6 Bg7 41. Rxa6 Rf5 42. Qxf5 gxf5 43. Rxh6 fxe4 44. Rb6 exf3+ 45. Kxf3 Kg8
46. Ke4 Kf8 47. Rb8+ Kf7 48. Rb7+ Kf6 49. Rxg7 1-0

[Event "European Team-ch 2007 Femenino"]
[Site "Creta GRE"]
[Date "2007.10.29"]
[Round "2.11"]
[White "Golubenko, Valentina"]
[Black "Klinova, Masha"]
[Result "0-1"]
[WhiteElo "2264"]
[BlackElo "2326"]
[PlyCount "70"]
[EventDate "2007.10.28"]
[EventType "team"]
[EventRounds "9"]
[EventCountry "GRE"]
[Source "lmi"]
[SourceDate "2007.10.28"]
[WhiteTeam "Croatia"]
[BlackTeam "Israel"]
[WhiteTeamCountry "CRO"]
[BlackTeamCountry "ISR"]

1. d4 d6 2. e4 Nf6 3. Nc3 g6 4. f4 Bg7 5. Nf3 O-O 6. e5 Nfd7 7. e6 fxe6 8. Ng5
Nf6 9. Bd3 Nc6 10. h4 Nb4 11. Bc4 d5 12. Be2 c5 13. dxc5 d4 14. Nce4 Nxe4 15.
Nxe4 Qd5 16. Bd3 e5 17. O-O Nxd3 18. cxd3 Bf5 19. Re1 exf4 20. Bxf4 a5 21. Bg5
Rf7 22. Ng3 e5 23. Ne4 a4 24. a3 Bxe4 25. Rxe4 Qxc5 26. Rc1 Qb5 27. Re2 h6 28.
h5 hxg5 29. hxg6 Rf6 30. Rec2 Qe8 31. Qg4 Qxg6 32. Rc7 Raf8 33. Rxb7 Qf5 34.
Qxf5 Rxf5 35. Rc4 g4 0-1

[Event "European Team-ch 2007 Femenino"]
[Site "Creta GRE"]
[Date "2007.10.29"]
[Round "2.11"]
[White "Borsuk, Angela"]
[Black "Medic, Mirjana"]
[Result "1-0"]
[WhiteElo "2301"]
[BlackElo "2240"]
[PlyCount "79"]
[EventDate "2007.10.28"]
[EventType "team"]
[EventRounds "9"]
[EventCountry "GRE"]
[Source "lmi"]
[SourceDate "2007.10.28"]
[WhiteTeam "Israel"]
[BlackTeam "Croatia"]
[WhiteTeamCountry "ISR"]
[BlackTeamCountry "CRO"]

1. d4 e6 2. c4 f5 3. g3 Nf6 4. Bg2 d5 5. Nh3 c6 6. Qc2 Bd6 7. Bf4 Be7 8. Nd2
O-O 9. O-O h6 10. Bxb8 Rxb8 11. Nf4 Qe8 12. Nf3 Bd6 13. Nd3 Ne4 14. Nfe5 Bxe5
15. Nxe5 Bd7 16. Bxe4 dxe4 17. f3 exf3 18. exf3 Rf6 19. f4 Qd8 20. Rad1 Be8 21.
Rf2 Qb6 22. Qc3 Rd8 23. b4 Bh5 24. Rd3 Qc7 25. a4 Rff8 26. b5 Rd6 27. Qe1 c5
28. dxc5 Rxd3 29. Nxd3 Re8 30. Qe5 Qa5 31. Ra2 Kh7 32. Qe1 Qd8 33. Qe3 Qa5 34.
Ne5 Qb4 35. Rd2 Qxa4 36. Qc3 Re7 37. h3 Rc7 38. Nd7 Rc8 39. c6 bxc6 40. Nc5 1-0

[Event "European Team-ch 2007 Femenino"]
[Site "Creta GRE"]
[Date "2007.10.29"]
[Round "2.11"]
[White "Franciskovic, Borka"]
[Black "Igla, Bella"]
[Result "1-0"]
[WhiteElo "2227"]
[BlackElo "2291"]
[PlyCount "83"]
[EventDate "2007.10.28"]
[EventType "team"]
[EventRounds "9"]
[EventCountry "GRE"]
[Source "lmi"]
[SourceDate "2007.10.28"]
[WhiteTeam "Croatia"]
[BlackTeam "Israel"]
[WhiteTeamCountry "CRO"]
[BlackTeamCountry "ISR"]

1. c4 e5 2. g3 g6 3. Bg2 Bg7 4. Nc3 Nf6 5. Nf3 d6 6. O-O O-O 7. d3 Nc6 8. Rb1
a5 9. a3 h6 10. b4 axb4 11. axb4 Be6 12. b5 Ne7 13. Qb3 Nd7 14. Nd2 Nc5 15. Qc2
c6 16. Nb3 Nxb3 17. Qxb3 Re8 18. Ba3 Nf5 19. e3 Ne7 20. Ne4 Nc8 21. Bb2 f5 22.
Nc3 Ne7 23. Ra1 Qb6 24. Rxa8 Rxa8 25. Ra1 Rxa1+ 26. Bxa1 Qa5 27. Bb2 cxb5 28.
Qxb5 Qxb5 29. Nxb5 d5 30. Nc7 Bf7 31. cxd5 Nc8 32. f4 exf4 33. Bxg7 Kxg7 34.
gxf4 g5 35. e4 fxe4 36. dxe4 gxf4 37. e5 Nb6 38. d6 Kf8 39. e6 Bxe6 40. Nxe6+
Ke8 41. Nc5 Nc4 42. Nxb7 1-0

[Event "European Team-ch 2007 Femenino"]
[Site "Creta GRE"]
[Date "2007.10.29"]
[Round "2.11"]
[White "Vasiliev, Olga"]
[Black "Sargac, Rajna"]
[Result "1-0"]
[WhiteElo "2214"]
[BlackElo "2170"]
[PlyCount "103"]
[EventDate "2007.10.28"]
[EventType "team"]
[EventRounds "9"]
[EventCountry "GRE"]
[Source "lmi"]
[SourceDate "2007.10.28"]
[WhiteTeam "Israel"]
[BlackTeam "Croatia"]
[WhiteTeamCountry "ISR"]
[BlackTeamCountry "CRO"]

1. e4 c5 2. Nf3 Nc6 3. d4 cxd4 4. Nxd4 Nf6 5. Nc3 e5 6. Ndb5 d6 7. Nd5 Nxd5 8.
exd5 Nb8 9. c4 a6 10. Nc3 Be7 11. Bd3 O-O 12. O-O f5 13. f3 Qe8 14. b4 a5 15.
Nb5 Qd8 16. Qa4 Na6 17. a3 Bd7 18. Bd2 axb4 19. Bxb4 Nxb4 20. Qxb4 Qb6+ 21. Kh1
Rf6 22. Nc3 Qe3 23. Qxb7 Rd8 24. Rad1 Rh6 25. Qb2 Qf4 26. h3 Bg5 27. Qf2 Bh4
28. Qd2 Qg3 29. Ne2 Qg6 30. Rb1 Qe8 31. f4 e4 32. Bc2 Rc8 33. Bb3 Bf6 34. Rfc1
e3 35. Qd3 g5 36. Re1 g4 37. Ng1 Qd8 38. Rxe3 Qa5 39. Ba2 Qa7 40. Rbe1 Rg6 41.
Ne2 Rf8 42. Bb1 gxh3 43. Rxh3 Qf2 44. Rg1 Re8 45. Ng3 Re3 46. Qf1 Qd2 47. Nxf5
Bxf5 48. Bxf5 Rgg3 49. Qb1 Qb2 50. Be6+ Rxe6 51. Qxh7+ Kf8 52. Rxg3 1-0

[Event "European Team-ch 2007 Femenino"]
[Site "Creta GRE"]
[Date "2007.10.29"]
[Round "2.12"]
[White "Kopinits, Anna-Christina"]
[Black "Topel, Zehra"]
[Result "1-0"]
[WhiteElo "2178"]
[BlackElo "2246"]
[PlyCount "107"]
[EventDate "2007.10.28"]
[EventType "team"]
[EventRounds "9"]
[EventCountry "GRE"]
[Source "lmi"]
[SourceDate "2007.10.28"]
[WhiteTeam "Austria"]
[BlackTeam "Turkey"]
[WhiteTeamCountry "AUT"]
[BlackTeamCountry "TUR"]

1. e4 e5 2. Nf3 Nc6 3. Nc3 Nf6 4. d4 exd4 5. Nxd4 Bb4 6. Nxc6 bxc6 7. Bd3 O-O
8. O-O d5 9. exd5 cxd5 10. Bg5 Bxc3 11. bxc3 h6 12. Bh4 Qd6 13. Qf3 Bg4 14. Qg3
Qxg3 15. Bxg3 c6 16. f3 Be6 17. Rab1 Rfd8 18. Bf2 Nd7 19. Ba6 Nb6 20. Bxb6 axb6
21. Rxb6 c5 22. a4 d4 23. cxd4 Rxd4 24. Ra1 Bf5 25. c3 Rd2 26. a5 g5 27. Bb7
Ra7 28. a6 Kg7 29. Rc6 Rb2 30. Re1 Bd3 31. Re5 Ra2 32. h4 Bxa6 33. Bxa6 R2xa6
34. Rxa6 Rxa6 35. hxg5 Rc6 36. gxh6+ Kxh6 37. c4 Kg6 38. Kf2 Kf6 39. Rd5 Ke6
40. g4 f6 41. Ke3 Rc8 42. Ke4 Rc7 43. g5 fxg5 44. Rxg5 Kf6 45. Rf5+ Ke6 46. f4
Rc8 47. Rh5 Kd6 48. Rh6+ Kc7 49. f5 Rd8 50. f6 Rd4+ 51. Ke5 Kd7 52. Rh8 Rd1 53.
f7 Re1+ 54. Kd5 1-0

[Event "European Team-ch 2007 Femenino"]
[Site "Creta GRE"]
[Date "2007.10.29"]
[Round "2.13"]
[White "Mijovic, Aleksandra"]
[Black "Cedikova, Katerina"]
[Result "1/2-1/2"]
[WhiteElo "2198"]
[BlackElo "2171"]
[PlyCount "147"]
[EventDate "2007.10.28"]
[EventType "team"]
[EventRounds "9"]
[EventCountry "GRE"]
[Source "lmi"]
[SourceDate "2007.10.28"]
[WhiteTeam "MNE"]
[BlackTeam "Czech Republic"]
[BlackTeamCountry "CZE"]

1. e4 c5 2. Nf3 Nc6 3. d4 cxd4 4. Nxd4 g6 5. c4 Bg7 6. Be3 Nf6 7. Nc3 O-O 8.
Be2 d6 9. O-O Bd7 10. f3 Nxd4 11. Bxd4 a5 12. Qd2 Bc6 13. Rad1 Nd7 14. Bf2 Nc5
15. Rfe1 a4 16. Bf1 Qa5 17. Nd5 Bxd5 18. Qxa5 Rxa5 19. exd5 Re8 20. Rb1 Kf8 21.
b4 axb3 22. axb3 Ra2 23. b4 Na4 24. Rb3 Nc3 25. Rc1 Rea8 26. Rbxc3 Bxc3 27.
Rxc3 Rb2 28. c5 dxc5 29. bxc5 Ra1 30. g4 Rbb1 31. Kg2 Rxf1 32. Be3 Rfd1 33. c6
bxc6 34. dxc6 Ra8 35. c7 Rc8 36. Ba7 Ke8 37. Kg3 Kd7 38. Bb8 Rd4 39. h4 h5 40.
g5 Rd6 41. Re3 Rc6 42. Rd3+ Ke8 43. Rd1 R8xc7 44. Bxc7 Rxc7 45. Rd3 Rc4 46. Rd5
Ra4 47. Rd3 f6 48. gxf6 exf6 49. Rd5 Ke7 50. Rb5 Rd4 51. Ra5 Ke6 52. Ra8 Ke5
53. Rb8 Kf5 54. Rb5+ Ke6 55. Rb6+ Ke5 56. Rb8 Rd5 57. Ra8 Kf5 58. Rb8 Rc5 59.
Ra8 g5 60. hxg5 fxg5 61. Rf8+ Kg6 62. Rg8+ Kh7 63. Ra8 Rd5 64. Ra6 Kg7 65. Rb6
Rf5 66. Ra6 Rf6 67. Ra8 Kg6 68. Ra5 Re6 69. Rb5 Re3 70. Kf2 Re6 71. Kg3 Kf6 72.
f4 h4+ 73. Kg4 gxf4 74. Kxf4 1/2-1/2

[Event "European Team-ch 2007 Femenino"]
[Site "Creta GRE"]
[Date "2007.10.29"]
[Round "2.14"]
[White "Hund, Barbara"]
[Black "Andersson, Christin"]
[Result "1-0"]
[WhiteElo "2216"]
[BlackElo "2209"]
[PlyCount "103"]
[EventDate "2007.10.28"]
[EventType "team"]
[EventRounds "9"]
[EventCountry "GRE"]
[Source "lmi"]
[SourceDate "2007.10.28"]
[WhiteTeam "Switzerland"]
[BlackTeam "Sweden"]
[WhiteTeamCountry "SUI"]
[BlackTeamCountry "SWE"]

1. e4 e6 2. d4 d5 3. Nc3 Bb4 4. exd5 exd5 5. Bd3 Nf6 6. a3 Be7 7. Nf3 Bg4 8. h3
Bh5 9. Bf4 O-O 10. g4 Bg6 11. Ne5 c6 12. Qf3 Nbd7 13. O-O-O Nxe5 14. Bxe5 Nd7
15. Bg3 b5 16. h4 a5 17. h5 Bg5+ 18. Kb1 Bxd3 19. Qxd3 b4 20. Na4 Be7 21. Ka2
Nb6 22. Nxb6 Qxb6 23. a4 Rfd8 24. f4 c5 25. dxc5 Qxc5 26. Rhe1 Rac8 27. Re2 Bf8
28. Bf2 Qc6 29. b3 Qd6 30. Qf5 Rc6 31. Bd4 Rdc8 32. Bb2 Rc5 33. Kb1 Qc7 34. Qe5
Qd7 35. g5 Qg4 36. Rdd2 Qxh5 37. Rh2 Qg4 38. f5 Qe4 39. Rhe2 Qh4 40. g6 hxg6
41. fxg6 Qf6 42. gxf7+ Qxf7 43. Rf2 Qe7 44. Rxf8+ Kxf8 45. Rf2+ Ke8 46. Qh5+
Kd8 47. Rf7 R8c6 48. Rxe7 Kxe7 49. Qe5+ Kd8 50. Qxg7 Rxc2 51. Qh8+ Kc7 52. Qh7+
1-0